01163nam a2200193Ia 4500001001100000003001000011008004100021040002500062041001300087100002700100245004000127250001100167260009200178300002700270500026200297501011400559520026200673650003400935L240-12782IT-CnALBA170116s9999||||xx |||||||||||||| ||und|| aIT-CnALBAcIT-CnALBA aITALIANO aCUTTAZ FRANCOIS, MONS. 0aL'INVIATO DEL PADRE. IL SACERDOTE.  a1a ed. aCINISELLO BALSAMO (MI)bEDIZIONI PAOLINEc1964 [1° Ed.:1964 - Ed.Ling.Originale: 1963] a468 p. (prefazione: 7) aTRADUZIONE DAL FRANCESE DI C. ADAMEI. COLLANA ORIENTAMENTI. SACERDOZIO D'ISTITUZIONE DIVINA. ABITO ECCLESIASTICO. AMBIZIONE. AMORE DI CRISTO. AZIONE CATTOLICA. BATTESIMO. CARITÀ. CATECHISMO. CRESIMA. DISINTERESSE. DOCILITA' DOLCEZZA. DONNE ESORCISMI. ETA' aSocietà San Paolo EM - Piazza San Paolo, 14 - 12051 ALBA (CN) (non commercial uses only) ® Copyright 2017 aTRADUZIONE DAL FRANCESE DI C. ADAMEI. COLLANA ORIENTAMENTI. SACERDOZIO D'ISTITUZIONE DIVINA. ABITO ECCLESIASTICO. AMBIZIONE. AMORE DI CRISTO. AZIONE CATTOLICA. BATTESIMO. CARITÀ. CATECHISMO. CRESIMA. DISINTERESSE. DOCILITA' DOLCEZZA. DONNE ESORCISMI. ETA' aTEOLOGIA SPIRITUALE CRISTIANA